000 01345cab a22002655a 4500
001 L138611
008 070626s2007 xxk 000 0 eng d
035 _a(Sirsi) u138611
041 0 _aeng
110 2 _aPearson, David
245 0 2 _aA practical understanding of the law
_bpart 5
260 _c2007
490 _aFacilities Management
_v14(9) June 2007, 16-17(2)
520 _aExamines the certainty precept and the principles on delivery of, and payment for, goods and services. Disputes arise from the question of what is sufficient certainty in contract. Spelling out the terms of an agreement is a narrow yet well established approach, co-existing with a more realistic and commercially oriented approach. This might mean reference to more open contract clauses, or to previous agreements between the same parties. Considers conditions where services supplied may be unacceptable. Provides advice for facilities managers, and recommendations for fulfilling contract. Refers to landmark case law.
590 _aKA
650 2 4 _aBOLTON V MAHADEVA
650 2 4 _aCUTTER V POWELL
650 2 4 _aHILLAS V ARCOS
650 2 4 _aLOFTUS V ROBERTS
650 2 4 _aPLANCHE V COLBURN
650 2 4 _aSCAMMELL V OUSTON
651 4 _aEngland and Wales
_y1543-
690 _aMANAGEMENT-DISPUTE AVOIDANCE, MANAGEMENT AND RESOLUTION
942 _n0
999 _c78922
_d78922